000 01197nam2a22002411 4500
001 RU\NLR\INFOCOMM4\1000556271
005 20250617063413.0
035 _a(NLR Aleph) 002524627
090 _a2794544
_c2794544
100 _a20040426d2000 |||y0rusy50 ca
101 0 _arus
102 _aRU
105 _ay |||||||||
200 0 _a2000, №3(6)
210 _d2000
_aБ. м.
461 0 _1001RU\NLR\INFOCOMM4\1000556265
_12001#$aМедицина экстремальных ситуаций$dMedicine of extreme situations$eНауч.-практ. журн.$fФедер. упр. мед.-биол. и экстрем. пробл. при М-ве здравоохранения Рос. Федерации$zeng$v2000, №3(6)
_93046989
_cМ.
_d1999 -
_fФедер. упр. мед.-биол. и экстрем. пробл. при М-ве здравоохранения Рос. Федерации
_lMedicine of extreme situations
_nБ. и.
_oНауч.-практ. журн.
_tМедицина экстремальных ситуаций
_v2000, №3(6)
801 1 _aRU
_bInfoComm
_c20040426
801 0 _aRU
_bNLR
_gPSBO
852 _aNLR
_jП17/811
942 _cISSUE
980 _aNB
980 _aRUSPER